<?xml version="1.0" encoding="UTF-8"?>
<collection xmlns="http://www.loc.gov/MARC21/slim">
    <record>
        <controlfield tag="001">84332</controlfield>
        <controlfield tag="005">20191105132837.0</controlfield>
        <datafield tag="024" ind1="8" ind2=" ">
            <subfield code="2">sideral</subfield>
            <subfield code="a">112722</subfield>
        </datafield>
        <datafield tag="037" ind1=" " ind2=" ">
            <subfield code="a">ART-2017-112722</subfield>
        </datafield>
        <datafield tag="041" ind1=" " ind2=" ">
            <subfield code="a">spa</subfield>
        </datafield>
        <datafield tag="100" ind1=" " ind2=" ">
            <subfield code="0">(orcid)0000-0002-9650-7652</subfield>
            <subfield code="a">Estarán Tolosa, María José</subfield>
        </datafield>
        <datafield tag="245" ind1=" " ind2=" ">
            <subfield code="a">La pervivencia de las lenguas paleohispánicas en la epigrafía altoimperial</subfield>
        </datafield>
        <datafield tag="260" ind1=" " ind2=" ">
            <subfield code="c">2017</subfield>
        </datafield>
        <datafield tag="506" ind1="0" ind2=" ">
            <subfield code="a">Access copy available to the general public</subfield>
            <subfield code="f">Unrestricted</subfield>
        </datafield>
        <datafield tag="520" ind1="3" ind2=" ">
            <subfield code="a">The well-known linguistic and cultural diversity of Hispania brought about a wide-ranging process of Latinisation by the end of the iii century BC that remarkably increased with the ascent of Augustus, to judge by the disappearance of the early Hispanic, and not the Latin, texts in the second half of the i century BC, except for the Punic legends about coinage in Ebusus and Abdera. Despite the disappearance of the written register, the local language lived on in the oral one. Latin inscriptions with vernacular influences are a case in point. Note, however, that such code-switching inscriptions are much less frequent in the Iberian-speaking region than in the rest of Hispania. While the Imperial Latin epigraphy of the Celtiberian, Celtic, Aquitaine and Lusitanian regions is imbued with lots of interesting examples in which the local languages are preserved (such as the survival of Celtiberian genitive plural) so it can be a precious way to trace the history of these languages, of which there is just fragmentary evidence, the Latin epigraphy of the Iberian region, the one richest in early Hispanic inscriptions, revealed just a few local personal names.</subfield>
        </datafield>
        <datafield tag="536" ind1=" " ind2=" ">
            <subfield code="9">info:eu-repo/grantAgreement/EC/H2020/654731/EU/Ancient Religious Dedications in the Western Mediterranean Basin/ARD-West</subfield>
            <subfield code="9">This project has received funding from the European Union’s Horizon 2020 research and innovation program under grant agreement No H2020 654731-ARD-West</subfield>
            <subfield code="9">info:eu-repo/grantAgreement/EC/H2020/715626/EU/The Latinization of the North-western Roman Provinces: Sociolinguistics, Epigraphy and Archaeology/LatinNow</subfield>
            <subfield code="9">This project has received funding from the European Union’s Horizon 2020 research and innovation program under grant agreement No H2020 715626-LatinNow</subfield>
        </datafield>
        <datafield tag="540" ind1=" " ind2=" ">
            <subfield code="9">info:eu-repo/semantics/openAccess</subfield>
            <subfield code="a">by-nc-nd</subfield>
            <subfield code="u">http://creativecommons.org/licenses/by-nc-nd/3.0/es/</subfield>
        </datafield>
        <datafield tag="655" ind1=" " ind2="4">
            <subfield code="a">info:eu-repo/semantics/article</subfield>
            <subfield code="v">info:eu-repo/semantics/acceptedVersion</subfield>
        </datafield>
        <datafield tag="773" ind1=" " ind2=" ">
            <subfield code="g">6 (2017), 257-268</subfield>
            <subfield code="p">Linguarum varietas</subfield>
            <subfield code="t">Linguarum varietas</subfield>
            <subfield code="x">2239-6292</subfield>
        </datafield>
        <datafield tag="856" ind1="4" ind2=" ">
            <subfield code="s">306971</subfield>
            <subfield code="u">http://zaguan.unizar.es/record/84332/files/texto_completo.pdf</subfield>
            <subfield code="y">Postprint</subfield>
        </datafield>
        <datafield tag="856" ind1="4" ind2=" ">
            <subfield code="s">122173</subfield>
            <subfield code="u">http://zaguan.unizar.es/record/84332/files/texto_completo.jpg?subformat=icon</subfield>
            <subfield code="x">icon</subfield>
            <subfield code="y">Postprint</subfield>
        </datafield>
        <datafield tag="909" ind1="C" ind2="O">
            <subfield code="o">oai:zaguan.unizar.es:84332</subfield>
            <subfield code="p">articulos</subfield>
            <subfield code="p">driver</subfield>
        </datafield>
        <datafield tag="951" ind1=" " ind2=" ">
            <subfield code="a">2019-11-05-11:46:44</subfield>
        </datafield>
        <datafield tag="980" ind1=" " ind2=" ">
            <subfield code="a">ARTICLE</subfield>
        </datafield>
    </record>

    
</collection>